Constituição da república federativa do Brasil / (Record no. 1136)
[ view plain ]
| 000 -LÍDER | |
|---|---|
| Campo Fixo de Controle | 01000nam a2200229 a 4500 |
| 001 - NÚMERO DE CONTROLE | |
| Campo de Controle | 1136 |
| 003 - IDENTIFICAÇÃO DO NÚMERO DE CONTROLE | |
| Campo de Controle | BR-CuiBMT |
| 005 - DATA E HORA DA ÚLTIMA ATUALIZAÇÃO | |
| Campo de Controle | 20231129201013.0 |
| 008 - DADOS FIXOS | |
| Dados Fixos | 231129s2007 mgb 001 0 por d |
| 020 ## - INTERNATIONAL STANDARD BOOK NUMBER | |
| Nº do ISBN | 9788577000463 |
| 040 ## - AGÊNCIA CATALOGADORA | |
| Código da Agência Catalogadora | BR-CuiBMT |
| Agência que transcreveu o registro | BR-CuiBMT |
| 080 ## - Nº DA CLASSIFICAÇÃO DECIMAL UNIVERSAL | |
| Nº edição CDU | 2007 |
| Nº Class. CDU | 342.4 |
| Subd. Auxiliar Comum | (81) |
| 090 ## - NÚMERO DE CHAMADA | |
| Nº classificação | 342.4(81) |
| Cutter | C758 |
| 245 00 - TÍTULO PRINCIPAL | |
| Título principal | Constituição da república federativa do Brasil / |
| Indicação de responsabilidade | J. U. Jacoby Fernandes, organizador. |
| 260 ## - PUBLICAÇÃO, DISTRIBUIÇÃO, ETC. | |
| Local de publicação | Belo Horizonte : |
| Editora | Fórum, |
| Data | 2007. |
| 300 ## - DESCRIÇÃO FÍSICA | |
| N. páginas ou volumes | 743 p. ; |
| Dimensões | 24 cm |
| 500 ## - NOTAS GERAIS | |
| Notas gerais | Atualizada com todas as emendas, contendo as respectivas redações anteriores de cada dispositivo alterado. Além do inteiro teor das súmulas do Supremo Tribunal Federal e do melhor índice remissivo, contém, ainda, a indicação:<br/>- das leis que regulamentam os artigos;<br/>- das Ações Diretas de Insconstitucionalidade. |
| 504 ## - NOTA DE BIBLIOGRAFIA, ETC. | |
| Nota de bibliografia | Inclui bibliografia e índice. |
| 650 ## - ASSUNTO TÓPICO | |
| Cabeçalho tópico ou nome geográfico | Constituição |
| Subdivisão geográfica | Brasil |
| 700 1# - ENTRADA SECUNDÁRIA -- NOME PESSOAL | |
| Nome pessoal | Fernandes, Jorge Ulisses Jacoby |
| Datas associadas ao nome | org. |
| 942 ## - ELEMENTOS DE ENTRADA ADICIONAIS (KOHA) | |
| Fonte de classificação ou esquema de arquivamento | Classificação Decimal Universal |
| Tipo de item do Koha | Livros |
| Estado: removido | Estado: perdido | Fonte de classificação ou esquema de arquivamento | Estado: danificado | Indisponível para empréstimo | Localização permanente | Localização atual | Data de aquisição | Total Checkouts | Número de Chamada completo | Código de barras | Date last seen | Número do exemplar | Preço efetivo a partir de | Tipo de item (Koha) |
|---|---|---|---|---|---|---|---|---|---|---|---|---|---|---|
| Classificação Decimal Universal | Biblioteca da Escola Superior de Contas do TCE/MT | Biblioteca da Escola Superior de Contas do TCE/MT | 23/09/2008 | 342.4(81) C758 | BIBTCEMT23111324 | 29/11/2023 | Ex. 1 | 29/11/2023 | Livros |